000 00656nam a2200229Ia 4500
003 OSt
005 20220928114619.0
006 a|||||r|||| 00| 0
007 ta
008 220927b |||||||| |||| 00| 0 eng d
024 _a57571
037 _cTextual
040 _aSDCL
_cSDCL
_beng
041 _2eng
_aeng
082 _aY73(Q7)-48.45'E, M0
100 _aMottahedeh Roy P
_9440077
245 0 _aLoyalty and leadership in an early Islamic society.
260 _aPrinceton
_bPrinceton University Press
_c1980
300 _ax,209p
_ccm.
942 _hY73(Q7)-48.45'E, M0
_cTEXL
_2CC
999 _c755709
_d755709